000 00601nam a22001337a 4500
040 _cRUA
082 _aAGR TEC 2011 B048 Or.1
100 _aTECH, THAIHUON.
245 _aEstsbishment of agroforestrybsystem in the low land areas in cambodia ការបង្កើតប្រពន្ធ័កសិរុក្ខកម្មគំរូនៅតំបន់ទំនាបកណ្ដាលកម្ពុជា
260 _aPhnom Penh
_bRUA
_c2011
300 _axii, 39p.
_bill.
_c29cm.
856 _uhttps://drive.google.com/file/d/16tuZ2zp5jSQpIkX13nq6h0iGyAZUEUqZ/view?usp=sharing
942 _cAGR
999 _c1117
_d1117